Best-Selling Albums of the 1980's - Statistics

General Stats
  • This quiz has been taken 53 times
    34 since last reset
  • The average score is 6 of 10
Answer Stats
Hint Answer % Correct
1. Michael Jackson-1982 Thriller
100%
3. Bruce Springsteen- 1984 Born In the USA
84%
4. Guns n' Roses- 1987 Appetite for Destruction
81%
2. AC/DC- 1980 Back In Black
81%
7. Prince and the Revolution-1984 Purple Rain-
74%
10. Bon Jovi- 1986 Slippery When Wet
65%
9. Dire Straits- 1985 Brothers in Arms
55%
6. Phil Collins- 1985 No Jacket Required
45%
5. Whitney Houston- 1985 Whitney Houston
42%
8. Bruce Springsteen and the E Street Band- 1986 Live / 1975-85
10%
No matching quizzes found
Score Distribution
Percent of People with Each Score
Percentile by Number Answered
Your Score History
You have not taken this quiz since the last reset